000 01488naa a22002537a 4500
008 241018e20240703xxk||||os||||o00| 0 eng d
041 _aeng
245 _aSmoke House & Curing House, 18 Remus Road
260 _aLON/00BG/HYI/2023/0024,
_bFirst-Tier Tribunal Property Chamber,
_c3 July 2024
520 _aDecision of Judge Martyński and Mr A Thomas RBI, FRICS, MIFireE between applicant Nicholas Blomfield and leaseholders and respondent Monier Road Limited. Concerns regarding the Fire Risk Assessment and FRAEW reports which did not state the building may be an HRB; talk about bin stores and other aspects of the building that were omitted (combustible timber walkways and planters in a courtyard and timber balconies) from the report were of concern. Goes into some detail on whether the building is a higher risk building and says it isn’t simple to answer and that “There is therefore a question over the status of Government guidance”.
650 _aBALCONIES
650 _aBUILDING SAFETY ACT 2022
650 _aCOMBUSTIBLE MATERIALS
650 _aDEFECTIVE MATERIALS
650 _aFIRE RISK ASSESSMENTS
650 _aFIRE SAFETY
650 _aHIGHER-RISK BUILDINGS
650 _aJUDGMENT
650 _aLANDLORD AND TENANT ACT 1985
650 _aREMEDIATION
650 _aREMEDIATION ORDERS
651 _aUnited Kingdom
856 _uhttps://assets.publishing.service.gov.uk/media/66d98787608fb761b6811114/smoke_house_decision.pdf
_zAvailable from FTT
999 _c122028
_d122028